000 00989nam a22002297a 4500
999 _c3471
_d3471
005 20260127090047.0
008 240126b ||||| |||| 00| 0 eng d
020 _a9780141325507
040 _cKH8
082 _a813.6
100 _aRiordan, Rick
_eAuthor
245 _aThe red pyramid
_cRick Riordan
260 _aNew York,
_bDisney/Hyperion, an imprint of Disney Book Group,
_c2010
300 _a516 pages
_b illustrations
_c13 cm x 19 cm
440 _a The Kane chronicles
_v bk. 1
520 _aBrilliant Egyptologist Dr. Julius Kane accidentally unleashes the Egyptian god Set, who banishes the doctor to oblivion and forces his two children to embark on a dangerous journey, bringing them closer to the truth about their family and its links to a secret order that has existed since the time of the pharaohs
521 _aGrades 4-9 (School Library Journal).
650 _aAction and adventure fiction
650 _zEgypt
650 _aFamily secrets
942 _2ddc
_cFIC